00421nam a2200193Ia 4500003000900000008004100009040001300050040001300063041000800076100001800084245004000102250002200142260001300164260000900177300001100186300001000197490001400207490000600221IT-RoPAU120407s9999 xx 000 0 und d aIT-RoPAU cIT-RoPAU aita aClemens Thoma aTeologia cristiana dell’ebraismo. aCasale Monferrato aMarietti c1983 a233 p. c22 cm aRadici, 3 v1